20 najgorszych miast na świecie według autora kanału Drew Binsky - Statystyki

Ogólne statystyki
  • Ten quiz został rozwiązany 2 razy
  • Średni wynik to 9 z 20
Statystyki odpowiedzi
Kontynent Miasto % Poprawnych
Afryka Ndżamena
100%
Afryka Brazzaville
50%
Azja Ćennaj
50%
Azja Delhi
50%
Azja Dhaka
50%
Azja Dżakarta
50%
Ameryka Płd. Georgetown
50%
Ameryka Płd. Guayaquil
50%
Azja Karaczi
50%
Ameryka Płn. Kingston
50%
Europa Kiszyniów
50%
Azja Kuwejt
50%
Afryka Lagos
50%
Azja Manama
50%
Oceania Port Moresby
50%
Ameryka Płn. Roseau
50%
Afryka Duala
0%
Oceania Honiara
0%
Afryka Konakry
0%
Ameryka Płn Port-Au-Prince
0%
Nie znaleziono quizów pasujących do podanych kryteriów
Rozkład punktacji
Procent ludzi z każdym wynikiem
Percentyl według liczby udzielonych odpowiedzi
Twoja historia wyników
Nie rozwiązałeś tego quizu